000 00416nam a2200181Ia 4500
001 674
005 20260306140535.0
008 260306t1998||||xx |||||||||||||| ||spa||
041 _aESP
082 _a128.3
_bJ72
100 _aJonas, Hans
_eAUT
245 0 _aPensar sobre Dios y otros ensayos
260 _c1998
300 _a261 páginas :
_c22 cm.
650 _aGEN
654 _aCHU
942 _cLIB
_dJUS
_fJUS
_2ddc
_n
999 _c674
_d674